01622cam a22003854i 4500003000900000005001700009008004100026035002000067040003300087100003500120245011300155264001000268300002200278336002100300337002500321338002300346502005900369504002400428520062100452526001001073526001001083526000901093526000901102526000901111526000901120526000901129526000901138526000901147526000801156526000801164526000801172526000801180526000801188650004001196PE-LiUPU20250731165430.0160216s1997 pe grm 000 0 spa d a(Sirsi) a156165 aPE-LiUPUbspacPE-LiUPUerda1 aMamani Apaza, Guillermoeautor1 aMétodos de un paso para la solución numérica de problemas con valor inicial /cGuillermo Mamani Apaza. 0c1997. a100 hojas c30 cm atext2rdacontent aunmediated2rdamedia avolume2rdacarrier aTesisb(Lic.) -- cUniversidad Peruana Unión,d1997. aIncluye referencias3 aEn la practica existen muchas ecuaciones diferenciales, de bastante significancia, que no se pueden resolver usando métodos analíticos de calculo. Por eso los métodos numéricos ofrecen la única alternativa viable para obtener una solución aproximada a la solución exacta. En efecto, la presente tesis hace fundamentalmente, un estudio orientado a encontrar una solución aproximada a las E.D.O utilizando los métodos de un paso de Runge-Kutta. Para ello, usamos algunos resultados matemáticos que nos ayudan a construir los métodos, controlar el error y garantizar la convergencia del método. aSEG44 aSEG26 aP151 aP150 aP149 aP146 aP145 aP126 aP125 aP92 aP75 aP74 aP27 aP1504aMétodos de 1 paso (Matemáticas)